000 00817nam a2200229 i 4500
001 128107
003 ES-MaACL
005 20250402175002.0
007 t|
008 070214s1965 sp r ||||1| spa d
080 _a821.134.2 Unamuno, Miguel de 1.07
080 _a821.134.2.09
100 1 _aRocamora, Pedro,
_d1910-1993
_9156813
245 1 0 _aDe Góngora a Unamuno /
_cPedro Rocamora.
260 _aMadrid :
_bConsejo Superior de Investigaciones Científicas,
_c1965.
300 _aXV, 180 p. ;
_c22 cm.
600 1 4 _aUnamuno, Miguel de,
_d1864-1936-
_xCrítica e interpretación
_9111984
650 4 _aLiteratura española-
_xHistoria y crítica
_914560
710 2 _aConsejo Superior de Investigaciones Científicas (España)
_93236
852 _aES-MaACL
_jC-28263
999 _c128107
_d128107